Colouring of cold cured rubber (Record no. 55856)

MARC details
000 -LEADER
fixed length control field 00325nam a2200133Ia 4500
100 ## - MAIN ENTRY--AUTHOR NAME
Personal name Sanderson W E
245 #0 - TITLE STATEMENT
Title Colouring of cold cured rubber
260 ## - PUBLICATION, DISTRIBUTION, ETC. (IMPRINT)
Name of publisher IRI Transactions
Year of publication 1928
300 ## - PHYSICAL DESCRIPTION
Number of Pages 22-39
650 ## - SUBJECT ADDED ENTRY--TOPICAL TERM
Topical Term Cold cured rubber
650 ## - SUBJECT ADDED ENTRY--TOPICAL TERM
Topical Term Colouring
942 ## - ADDED ENTRY ELEMENTS (KOHA)
Koha item type Journals
Holdings
Withdrawn status Lost status Damaged status Not for loan Home library Current library Shelving location Date acquired Serial Enumeration / chronology Koha item type
      Journals RRII Library RRII Library Rubber chemistry 17/12/2021 Volume 4, Issue 1 Journals